[Event "CAN-ch U10"]
[Site "Windsor"]
[Date "2010.07.08"]
[Round "5"]
[White "Rice, Joshua"]
[Black "Wiebe, Ricky"]
[Result "0-1"]
[WhiteElo "950"]
[BlackElo "996"]
[PlyCount "128"]
[EventDate "2010.07.06"]
[EventType "swiss"]
[EventRounds "7"]
[EventCountry "CAN"]
[SourceTitle "EXT 2012"]
[Source "ChessBase"]
[SourceDate "2011.11.24"]
[SourceVersion "1"]
[SourceVersionDate "2011.11.24"]
[SourceQuality "1"]

1. e4 e5 2. Nf3 Nc6 3. d3 Bb4+ 4. c3 Bc5 5. b4 Bd6 6. d4 Qf6 7. dxe5 Bxe5 8. Nxe5 Nxe5 9. f4 Qh4+ 10. g3 Qf6 11. fxe5 Qxe5 12. Qe2 d6 13. Qb5+ Qxb5 14. Bxb5+ c6 15. Bd3 Nf6 16. b5 a6 17. bxc6 bxc6 18. Na3 0-0 19. Rf1 Bh3 20. Rg1 Rfe8 21. Nc4 d5 22. Nd6 Re6 23. Nb7 dxe4 24. Bc4 Re7 25. Nc5 Rd8 26. Nb7 Rxb7 27. Ke2 Bg4+ 28. Kf2 Rd1 29. Rxd1 Bxd1 30. Bxa6 Ra7 31. Be2 Ng4+ 32. Bxg4 Bxg4 33. Rb1 Ra8 34. Rb4 Rxa2+ 35. Bb2 h6 36. Rb8+ Kh7 37. Rb4 Bf5 38. c4 Ra5 39. Bc1 c5 40. Rb5 Rxb5 41. cxb5 Bd7 42. b6 Bc6 43. Be3 c4 44. Bc1 Kg6 45. h4 Kf5 46. Bb2 g5 47. hxg5 Kxg5 48. Bc1+ Kg6 49. Bd2 e3+ 50. Bxe3 c3 51. Ke2 c2 52. g4 h5 53. Kd2 Be4 54. Ke2 hxg4 55. Kf2 Kh5 56. Kg1 Kh4 57. Bf2+ Kh3 58. Bd4 Kg3 59. Bf2+ Kf3 60. Kf1 c1Q+ 61. Be1 Bd3+ 62. Kg1 Qxe1+ 63. Kh2 Qg3+ 64. Kh1 Qg2# 0-1